000 00462nam a22001817a 4500
003 NUST-PNEC
005 20170116180701.0
008 140909b xxu||||| |||| 00| 0 eng d
040 _cPNEC
082 _a005.71 VIR
100 _9276
_aVIR
245 _aIntroduction to Computing CS-101 (Lecture Notes)
260 _aLahore
_bVirtual University of Pakistan
_cc.2012
300 _a323 p.:
_c26 cm.
500 _aLecture Notes
650 _xMIS
942 _2ddc
_cBK
999 _c60559
_d60559